000 00296 a2200121 4500
001 155409
040 _cEscola São Tomás de Aquino
240 1 0 _aQuímica na abordagem do cotidiano
_lpor
245 1 0 _aQuímica na abordagem do cotidiano
440 1 _aSaraiva
697 _aQUÍMICA
942 _cBK
999 _c155409
_d155409